00375nam a22001097a 4500008004100000050003200041245008900073260003400162300002300196650002400219650002200243220909b |||||||| |||| 00| 0 eng d aHG3881 .B36 2021b.B36 2021 aBank supervition annual report 2021 :bCentral bank of kenya/cCentral Bank of Kenya aNairobi :bCentral Bankc2021 aix,120p. :bill. ; aEconomic assistance aBanks and banking